000 00702cam a22002417a 4500
999 _c5557
_d5557
001 1085858
003 GZU
005 20210408083041.0
008 911021s1990 rh 000 0 sna
010 _a 91981195
020 _a0949225940
040 _aDLC
_cDLC
_dDLC
050 0 0 _aPL9891 CHO 1990
100 1 _aChoto, R. M.
_q(Raymond Morgan)
245 1 0 _aTongoona /
_cRaymond Morgan Choto.
260 _aHarare, Zimbabwe :
_bZimbabwe Pub. House, in association with the Literature Bureau,
_c1990.
300 _a128 p. ;
_c18 cm.
500 _aChishona
600 _2Chishona
906 _a7
_bcbc
_corignew
_du
_encip
_f19
_gy-gencatlg
942 _2lcc
_cBK
_h9891
_iCHO
_kPL